| Tag |
First Indicator |
Second Indicator |
Subfields |
| LEADER |
00000cam a22000001a 4500 |
| 001 |
in00002788821 |
| 006 |
m||||||||d|||||||| |
| 007 |
cr |n||||||||| |
| 008 |
130308s2013 enka ob 001 0 eng d |
| 005 |
20250816204021.2 |
| 020 |
|
|
|a 1409451194 (electronic bk.)
|
| 020 |
|
|
|a 9781409451198 (electronic bk.)
|
| 020 |
|
|
|z 9781409451181 (hardcover : alk. paper)
|
| 020 |
|
|
|z 1409451186 (hardcover : alk. paper)
|
| 035 |
|
|
|a (NhCcYBP)ebr10641632
|
| 035 |
|
|
|a (OCoLC)ocn823040884
|
| 040 |
|
|
|a NhCcYBP
|c NhCcYBP
|d UtOrBLW
|
| 043 |
|
|
|a e-uk---
|
| 050 |
|
4 |
|a PR418.C85
|b S36 2013eb
|
| 082 |
0 |
4 |
|a 820.9/355
|2 23
|
| 100 |
1 |
|
|a Schmidt, Gary A.
|
| 245 |
1 |
0 |
|a Renaissance hybrids :
|b culture and genre in early modern England /
|c by Gary A. Schmidt.
|
| 264 |
|
1 |
|a Farnham, Surrey ;
|a Burlington, VT :
|b Ashgate Pub.,
|c [2013]
|
| 264 |
|
4 |
|c ©2013
|
| 300 |
|
|
|a 1 online resource (255 pages)
|
| 336 |
|
|
|a text
|b txt
|2 rdacontent
|
| 337 |
|
|
|a computer
|b c
|2 rdamedia
|
| 338 |
|
|
|a online resource
|b cr
|2 rdacarrier
|
| 504 |
|
|
|a Includes bibliographical references and index.
|
| 505 |
0 |
|
|a Towards a Renaissance theory of hybridity -- Giant aspirations: cultural archaeology in Spenser's 1590 Faerie queene -- The view from Ireland: Spenser in 1596 -- Satire and politics in the English Renaissance -- Jacobean absolutism and the rise of tragicomedy -- Afterword: hybrids past and present: the final boundary.
|
| 588 |
|
|
|a Description based on print version record.
|
| 500 |
|
|
|a Electronic resource.
|
| 650 |
|
0 |
|a English literature
|y Early modern, 1500-1700
|x History and criticism.
|
| 650 |
|
0 |
|a Cultural fusion in literature.
|
| 650 |
|
0 |
|a Cultural fusion and the arts.
|
| 650 |
|
0 |
|a Renaissance
|z England.
|
| 650 |
|
0 |
|a Literature and society
|z England
|x History
|y 16th century.
|
| 650 |
|
0 |
|a Literature and society
|z England
|x History
|y 17th century.
|
| 655 |
|
7 |
|a Electronic books.
|2 local
|
| 710 |
2 |
|
|a ebrary, Inc.
|
| 776 |
1 |
8 |
|c Original
|z 9781409451181
|z 1409451186
|z 1409451194
|w (DLC) 2012033271
|
| 856 |
4 |
0 |
|u https://ebookcentral.proquest.com/lib/tamucs/detail.action?docID=1109372
|y Connect to the full text of this electronic book
|t 0
|
| 948 |
|
|
|a cataloged
|b h
|c 2014/10/31
|d c
|e jlanham
|f 11:08:25 am
|
| 999 |
f |
f |
|s 1c31abb7-f9c1-30e3-8793-79158de776ac
|i 84e4ad1e-8fa6-3bc5-8832-3bf67c7765bf
|t 0
|
| 999 |
|
|
|a MARS
|
| 952 |
f |
f |
|a Texas A&M University
|b College Station
|c Electronic Resources
|d Available Online
|t 0
|e PR418.C85 S36 2013eb
|h Library of Congress classification
|
| 998 |
f |
f |
|a PR418.C85 S36 2013eb
|t 0
|l Available Online
|